000
00282nam a2200121Ia 4500
008
191201s2015 xx 000 0 und d
100
_a
FISCHER,Mario
245
0
_a
Website Boosting
260
_a
N. Delhi
_b
Firewall
_c
2015
300
_a
455
650
_a
M.Tech(CSE)
942
_2
ddc
_c
BK
999
_c
6024
_d
6024